| 000 | 01175nam a2200253Ia 4500 | ||
|---|---|---|---|
| 999 |
_c38637 _d38637 |
||
| 001 | 4839 | ||
| 003 | GE_BSU | ||
| 005 | 20200127111311.0 | ||
| 008 | 181216s2010||||ge |||||||||||||| ||geo|| | ||
| 020 | _a9789941906435 | ||
| 040 | _cGE_BSU | ||
| 041 | _ageo | ||
| 080 | _a616.12-073.97 მ-91 | ||
| 100 |
_aმურაშკო, ვ. _93413 |
||
| 245 |
_aელექტროკარდიოგრაფია : _cვ. მურაშკო, ა. სტრუტინსკი ; რედ. : შალვა პეტრიაშვილი, ია ხახუტაიშვილი. _b[სახელმძღვ.] / |
||
| 264 |
_aთბილისი : _bმთაწმინდელი, _c2010. |
||
| 300 |
_a263გვ. : _bილ. ; _c20 სმ. |
||
| 653 | _aელექტროკარდიოგრაფია | ||
| 653 | _aმედიცინა | ||
| 700 |
_aსტრუტინსკი, ა. _eავტორი _93414 |
||
| 700 |
_aპეტრიაშვილი, შალვა _eრედაქტორი _93415 |
||
| 700 |
_aხახუტაიშვილი, ია _eრედაქტორი _93416 |
||
| 942 |
_cBK _2udc |
||